00960nas a2200277Ia 4500001001600000003001000016008004100026040002500067041001300092100002200105210001300127222001300140245002300153250001100176260000900187501012300196300001600319362002700335500005400362650002300416700001900439942000700458957000600465999003300471952017800504A08/R096-51587 IT-MiCISF161014c99999999xx |||||||||||| ||und|| aIT-MiCISFcIT-MiCISF aITALIANO aRavasi Gianfranco aIl Regno aIl Regno 0aTra lavoro e festa a1a ed. c2012 bCISF - Centro Internazionale Studi Famiglia - Via Giotto, 36 20145 MILANO (non commercial uses only)cCopyright 2016 app. 321-333 an. 11, 1 giugno [2012] a Tema: famiglia, bibbia, chiesa, chiesa-domestica aFAMIGLIAvarticolo a Benedetto XVI cCR 71 a51587bSig1c227608d227608 0010406A_08_000000000000000_R0965158771aCISFbCISFd2016-10-14l0oA08/R096-51587 r2016-10-14 00:00:00w2016-10-14yCRzData import 15.10.2016 / by Epidotti, Vaglietti